| Tag |
First Indicator |
Second Indicator |
Subfields |
| LEADER |
00000cam a2200000Ii 4500 |
| 001 |
in00004026021 |
| 005 |
20190422104135.0 |
| 008 |
180122t20182018dcu b 001 0 eng d |
| 020 |
|
|
|a 9781948195010
|q hardcover
|
| 020 |
|
|
|a 1948195011
|q hardcover
|
| 035 |
|
|
|a (OCoLC)on1066693523
|
| 040 |
|
|
|a YDX
|b eng
|e rda
|c YDX
|d OCLCO
|d YDXIT
|d UtOrBLW
|
| 041 |
1 |
|
|a eng
|h ger
|
| 049 |
|
|
|a TXAM
|
| 050 |
|
4 |
|a BD313
|b .U4713 2018
|
| 082 |
0 |
|
|a 111
|2 23
|
| 100 |
1 |
|
|a Ulrich, Ferdinand,
|e author.
|
| 240 |
1 |
0 |
|a Homo abyssus.
|l English
|
| 245 |
1 |
0 |
|a Homo abyssus :
|b the drama of the question of being /
|c Ferdinand Ulrich ; translated by D.C. Schindler.
|
| 264 |
|
1 |
|a Washington, D.C. :
|b Humanum Academic Press,
|c [2018]
|
| 264 |
|
4 |
|c ©2018
|
| 300 |
|
|
|a lv, 522 pages ;
|c 24 cm.
|
| 336 |
|
|
|a text
|b txt
|2 rdacontent
|
| 337 |
|
|
|a unmediated
|b n
|2 rdamedia
|
| 338 |
|
|
|a volume
|b nc
|2 rdacarrier
|
| 500 |
|
|
|a Translation of: Homo abyssus : das Wagnis der Seinsfrage.
|
| 504 |
|
|
|a Includes bibliographical references (pages li-lv; pages 509-513) and index.
|
| 505 |
0 |
|
|a A. To be and the being of beings -- B. Man as totum potestativum: unfolding the human essence from the perspective of being's movement of finitization.
|
| 600 |
0 |
0 |
|a Thomas,
|c Aquinas, Saint,
|d 1225?-1274.
|t Quaestiones disputatae de veritate.
|0 http://id.loc.gov/authorities/names/n88055717
|
| 600 |
1 |
0 |
|a Ulrich, Ferdinand.
|t Homo abyssus.
|
| 650 |
|
0 |
|a Ontology.
|0 http://id.loc.gov/authorities/subjects/sh85094833
|
| 650 |
|
0 |
|a Theological anthropology
|x Christianity.
|0 http://id.loc.gov/authorities/subjects/sh85080316
|
| 700 |
1 |
|
|a Schindler, D. C.,
|e translator.
|0 http://id.loc.gov/authorities/names/n2003118755
|
| 710 |
2 |
|
|a John Paul II Institute for Studies on Marriage and Family,
|e publisher.
|0 http://id.loc.gov/authorities/names/n90719503
|
| 945 |
|
|
|b 849006
|
| 947 |
|
|
|a A14850563959
|
| 948 |
|
|
|a cataloged
|b h
|c 2019/1/16
|d c
|e dmitchel
|f 7:44:28 am
|
| 994 |
|
|
|a 92
|b TXA
|
| 999 |
f |
f |
|s 773db4b5-eec1-3684-97f2-5ad699febac4
|i bc40f69d-1b05-30ee-8b65-667868309b7b
|t 0
|
| 952 |
f |
f |
|p normal
|a Texas A&M University
|b College Station
|c Sterling C. Evans Library
|d Evans: Library Stacks
|t 0
|e BD313 .U4713 2018
|h Library of Congress classification
|i unmediated -- volume
|m A14850563959
|
| 998 |
f |
f |
|a BD313 .U4713 2018
|t 0
|l Evans: Library Stacks
|